Представление документа в формате RUSMARC

Поле Инд. ПП Название Значение
Тип записи a
Библиографический уровень a
001 Контрольный номер 1eafed610b7d4294959f3817e653b4fd
005 Дата корректировки 20190924110848.2
100 a Данные общей обработки 20190924 ||| 0rusy0189 ca
101 0_ a Язык текста rus
102 a Страна публикации RU
200 1_ f Первые сведения об ответственности Н.Н. Мельников
a Заглавие Элементы подразумеваемого сервитута в отношениях, связанных с размещением линейных объектов: обзор доктринальных положений, законодательства и судебной практики
b Общее обозначение материала Текст
210 1_ d Дата издания 2019
461 _0 1 2000
a Хозяйство и право
463 _0 1 2000
a № 6
v С. 49-61
1 2101
d 2019
1 001d04db9f94ba3476484a8aba38c9ea60d
606 a Основная рубрика Природоресурсное право. Природоохранительное право
610 0_ a Ключевые слова ЗЕМЕЛЬНОЕ ПРАВО
a Ключевые слова ЗЕМЛЕПОЛЬЗОВАНИЕ
a Ключевые слова СЕРВИТУТ
a Ключевые слова ОСОБО ОХРАНЯЕМЫЕ ТЕРРИТОРИИ
a Ключевые слова ЭНЕРГОСНАБЖЕНИЕ
700 _1 a Фамилия Мельников
b Имя Н.Н.
801 _0 a Страна RU
b Организация РГУП
c Дата составления 20190924
g Правила каталогизации PSBO
801 _1 a Страна RU
b Организация РГУП
c Дата составления 20190924
g Правила каталогизации PSBO
901 t Тип документа b
w Контрольный № источника d04db9f94ba3476484a8aba38c9ea60d
905 a Дата ввода 20190924